Music Quiz

Random Music or Song Quiz

Regurgitated Classic Rock Clips Quiz Stats

 Plays Quiz Updated Aug 11, 2016

Challenge
Share
Tweet
Score 0/20 Timer 07:00
1 Play Today
Time Song % Correct
0:00-0:10The Joker
65.7%
0:10-0:20All Along the Watchtower
65.7%
1:55-2:05My Generation
50.7%
0:40-0:50Killer Queen
46.9%
0:30-0:40Jumpin' Jack Flash
46.3%
2:30-2:40Immigrant Song
44.4%
1:30-1:45Da Ya Think I'm Sexy?
43.6%
1:20-1:30Blitzkrieg Bop
41.5%
2:05-2:15Big Yellow Taxi
40.7%
1:00-1:15Buffalo Soldier
33.3%
Time Song % Correct
2:40-2:50Don't Stand So Close To Me
29%
2:50-3:00Aqualung
27.4%
3:00-3:10Tiny Dancer
25.3%
3:20-3:35Crazy Train
24.6%
0:50-1:00Me and Bobby McGee
24.3%
2:15-2:30Dirty Deeds Done Dirt Cheap
22%
3:10-3:20Money
17.5%
1:15-1:20Come Together
15.9%
1:45-1:55Lookin' Out My Back Door
14.3%
0:20-0:30Rag Doll
11.1%

You're not logged in!

Compare scores with friends on all Sporcle quizzes.
Join for Free
OR
Log In

You Might Also Like...

Show Comments

Extras

Top Quizzes Today


Score Distribution

Your Account Isn't Verified!

In order to create a playlist on Sporcle, you need to verify the email address you used during registration. Go to your Sporcle Settings to finish the process.

Report this User

Report this user for behavior that violates our Community Guidelines.

Details: